000 00606nam a22002537a 4500
003 UA-OsUOA
001 22970
007 ta
008 20031230b un ||||| |||| 00| 0 ukr d
100 _aАнтонов В.В.
090 _a294.5
_bА72
942 _cBK
040 _aUA-OsUOA
_brus
_cUA-OsUOA
_dUA-OsUOA
245 _aУчение Кришны
_bПуть слияния с Богом
300 _a160 с.
955 _a0
041 _arus
080 _a294.5
020 _a5-86873-002-Х
260 _aМосква
_bСаттва
_c1993
044 _aRU
650 7 _2UDC
999 _c309204
_d309204